000
00214nam a22000857a 4500
008
170116b xxu||||| |||| 00| 0 eng d
100
_9
2426
_a
Kumar.V
245
_a
History Map Work Book-IX
260
_a
New Delhi
_b
GBP
_c
2009
999
_c
5466
_d
5466